00000000nas##2200000za#4500
0019.508657
003CaOODSP
00520241105150725
007ta
008150406c1991||||xxc|| p #||||f|   |0fre|d
022 |a0041-0438
040 |aCaOODSP|bfre
041 |aeng
041 |afre
043 |an-cn---
0861 |aRG42-2-1
1102 |aOffice de la propriété intellectuelle du Canada.
24510|aJournal des marques de commerce
260 |aOttawa - Ontario : |bIndustrie Canada.
310 |aHebdomadaire
3621 |aNe paraît plus après vol. 56, n° 2838, 18 mars 2009
500 |aDisponible en format électronique seulement à partir du vol. 56, n° 2839, le 25 mars 2009.
563 |aCouverture souple
69107|aMarque de commerce|2gcpds
7760#|tTrade-marks journal |w(CaOODSP)9.500143
7760#|tTrade-marks journal |w(CaOODSP)9.804214
791 |tTrade-marks journal |eeng|w(CaOODSP)9.508656